Michels, Georg, 1961-. Zur Wirtschaftsentwicklung von Kleinstädten und Flecken im Ordensland und Herzogtum Preußen (bis 1619). - Lüneburg : Inst. Nordostdt. Kulturwerk. - 1996 [Rezension]

Titel: Michels, Georg, 1961-. Zur Wirtschaftsentwicklung von Kleinstädten und Flecken im Ordensland und Herzogtum Preußen (bis 1619). - Lüneburg : Inst. Nordostdt. Kulturwerk. - 1996 [Rezension]
Verfasser:
In: Beiträge zur Geschichte Westpreußens, Band 17 (2000), Seite 221-223
alle Artikel anzeigen
Veröffentlicht: 2000
Format: Aufsatz
Sprache: Deutsch
Kein Bild verfügbar
X
alg: 39503491
001A    $01999:12-11-16 
001B    $01999:04-08-21 $t21:02:43.000 
001D    $01999:12-11-16 
001U    $0utf8 
001X    $00 
002@    $0Aox 
003@    $0395034914 
007A    $0395034914 $aHEB 
007T    $0Herd33873 
010@    $ager 
011@    $a2000 
021A    $aMichels, Georg, 1961-. Zur Wirtschaftsentwicklung von Kleinstädten und Flecken im Ordensland und Herzogtum Preußen (bis 1619). - Lüneburg : Inst. Nordostdt. Kulturwerk. -  1996 [Rezension] 
028A    $aKaim-Bartels $dAstrid 
031A    $d17 $h221-223 $j2000 
039B    $aIn $8--Abvc--. Beiträge zur Geschichte Westpreußens. - Münster, Westf. : Nicolaus-Copernicus-Verl., 1967-2008. - ISSN 0341-9436 $x200000000170000779 $9046826319 
039T    $8--Aau--Michels, Georg$Z1961- [Tp1]. Zur Wirtschaftsentwicklung von Kleinstädten und Flecken im Ordensland und Herzogtum Preußen (bis 1619). - Lüneburg : Inst. Nordostdt. Kulturwerk, 1996. - XI, 236 S.. - graph. Darst., Kt.. - ISBN 3-922296-91-2 $905084587X 
045F    $a900.94382 $eDDC23BSB 
045F/01 $a900 
045F/03 $g4382 
045F/03 $g43832 
045T    $a8,1 

lok: 39503491 78

exp: 39503491 78 1 #EPN
201B/01 $018-11-16 $t13:32:54.000 
201U/01 $0utf8 
203@/01 $0791333523 
208@/01 $a12-11-16 $be 
209A/01 $a/ $f000 $x00 
220C/01 $aTitelaufnehmer: kl 
244Z/01 $2Trx $#Prusy Wschodnie i Zachodnie $8--Trx--Ost- und Westpreußen $x01 $939113373X 
244Z/01 $2Trx $#arvustused $#recenzijos $#Reviews $#recenziók $#recenzje $#recenzie $#recenze $8--Trx--Rezensionen $x02 $9391357441 
247C/01 $82080>Marburg/Lahn, Herder-Institut, Forschungsbibliothek, Bibliographieportal $9336309341
LEADER 00000caa a22000002c 4500
001 395034914
003 DE-603
005 20210804210243.0
007 tu
008 161112s2000 xx |||| | u00||u|ger c
035 |a (DE-599)HEB395034914 
040 |a DE-603  |b ger  |c DE-603  |d DE-603 
041 |a ger 
082 0 4 |8 1\u  |a 900.94382  |q DE-101  |2 23/BSB 
084 |a 8,1  |2 ssgn 
085 |8 1\u  |b 900 
085 |8 1\u  |z 2  |s 4382 
085 |8 1\u  |z 2  |s 43832 
100 1 |a Kaim-Bartels, Astrid 
245 0 0 |a Michels, Georg, 1961-. Zur Wirtschaftsentwicklung von Kleinstädten und Flecken im Ordensland und Herzogtum Preußen (bis 1619). - Lüneburg : Inst. Nordostdt. Kulturwerk. - 1996 [Rezension] 
264 0 |c 2000 
773 0 8 |i In  |t Beiträge zur Geschichte Westpreußens  |d Münster, Westf. : Nicolaus-Copernicus-Verl., 1967-2008  |h 24 cm  |x 0341-9436  |g Band 17 (2000), Seite 221-223  |w (DE-603)046826319  |w (DE-600)731-6 
787 0 8 |i Rezension von  |a Michels, Georg, 1961-  |t Zur Wirtschaftsentwicklung von Kleinstädten und Flecken im Ordensland und Herzogtum Preußen (bis 1619)  |d Lüneburg : Inst. Nordostdt. Kulturwerk, 1996  |h XI, 236 S., graph. Darst., Kt.  |z 3922296912  |w (DE-603)05084587X 
924 0 |9 2080  |a (DE-603)791333523  |b DE-2080  |c HES  |d d  |g /